Las transformaciones de Fourier y Laplace / (Record no. 36912)
[ view plain ]
| 000 -LEADER | |
|---|---|
| campo de control de longitud fija | 00847nam a2200217 i 4500 |
| 001 - NÚMERO DE CONTROL | |
| campo de control | 36912 |
| 003 - IDENTIFICADOR DE NÚMERO DE CONTROL | |
| campo de control | ES-MaACL |
| 005 - FECHA Y HORA DE LA ÚLTIMA TRANSACCIÓN | |
| campo de control | 20230906155451.0 |
| 007 - CAMPO FIJO DE DESCRIPCIÓN FÍSICA--INFORMACIÓN GENERAL | |
| campo de control de longitud fija | t| |
| 008 - DATOS DE LONGITUD FIJA--INFORMACIÓN GENERAL | |
| campo de control de longitud fija | 030219s1972 sp ||||1| spa d |
| 100 1# - ENTRADA PRINCIPAL--NOMBRE DE PERSONA | |
| Nombre de persona | Brun Marina, José María. |
| 9 (RLIN) | 32143 |
| 245 14 - MENCIÓN DEL TÍTULO | |
| Título | Las transformaciones de Fourier y Laplace / |
| Mención de responsabilidad, etc. | por José María Brun Marina. |
| 260 ## - PUBLICACIÓN, DISTRIBUCIÓN, ETC. | |
| Lugar de publicación, distribución, etc. | Madrid : |
| Nombre del editor, distribuidor, etc. | Universidad de Madrid, Facultad de Ciencias, |
| Fecha de publicación, distribución, etc. | 1972. |
| 300 ## - DESCRIPCIÓN FÍSICA | |
| Extensión | 48 p. ; |
| Dimensiones | 29 cm. |
| 500 ## - NOTA GENERAL | |
| Nota general | Ejemplar multicopista. |
| 504 ## - NOTA DE BIBLIOGRAFÍA, ETC. | |
| Nota de bibliografía, etc. | Precede al tít.: Universidad Complutense de Madrid. Facultad de Ciencias. Departamento de Física de la Tierra y del Cosmos. |
| 650 #4 - PUNTO DE ACCESO ADICIONAL DE MATERIA--TÉRMINO DE MATERIA | |
| Término de materia o nombre geográfico como elemento de entrada | Fourier, Transformaciones de. |
| 9 (RLIN) | 162507 |
| 650 #4 - PUNTO DE ACCESO ADICIONAL DE MATERIA--TÉRMINO DE MATERIA | |
| Término de materia o nombre geográfico como elemento de entrada | Laplace, Transformación de. |
| 9 (RLIN) | 144579 |
| 710 2# - ENTRADA AGREGADA--NOMBRE DE ENTIDAD CORPORATIVA | |
| Nombre de entidad corporativa o nombre de jurisdicción como elemento de entrada | Universidad de Madrid. |
| Unidad subordinada | Facultad de Ciencias. |
| 9 (RLIN) | 7210 |
| 852 ## - LOCALIZACIÓN | |
| Ubicación | ES-MaACL |
| Número de control de estantería | C-50758 |
| Sublocalización o colección | R.85355 |
| Estatus retirado | Estado de pérdida | Estado de daño | No para préstamo | Biblioteca de origen | Biblioteca actual | Ubicación en estantería | Fecha de adquisición | Fuente de adquisición | Total de préstamos | Signatura topográfica completa | Código de barras | Visto por última vez | Precio de reemplazo | Tipo de ítem Koha |
|---|---|---|---|---|---|---|---|---|---|---|---|---|---|---|
| Biblioteca del Ateneo de Madrid | Biblioteca del Ateneo de Madrid | Depósito 2 | 17/01/2008 | C-50758 | 1038818 | 23/02/2023 | 23/02/2023 | Libro impreso |
